000 01063nam a2200289 4500
003 OSt
005 20231106101616.0
008 231030s2019 mx adb|f |||| 001 0 spa d
020 _a9786071205537
040 _erda
_cCHAP
082 0 0 _222
_a631.4
_bL92
100 1 _968329
_aLópez Santos, Armando
245 1 0 _aUso y manejo sostenible de suelos:
_bfundamentos y procedimientos selectos enfocados al autoaprendizaje y la enseñanza guiada /
_cpor Armando López Santos
264 1 _aMéxico:
_bUniversidad Autónoma Chapingo,
_c2019.
300 _a188 páginas:
_bIlustraciones, cuadros, gráficas
_e+ 1 CD
336 _2rdacontent
_atexto
_btxt
337 _2rdamedia
_asin medio
_bn
338 _2rdacarrier
_avolumen
_bnc
500 _aEl CD contiene apéndices y complementos de lectura
504 _aIncluye índice y bibliografía
650 4 _9110336
_aSuelos
_xDegradación
650 4 _9110423
_aSuelos
_xManejo
650 4 _995222
_aRecursos naturales
_xConservación
650 4 _9144108
_aConservación de suelos
942 _2ddc
942 _cLIBRO
999 _c219340
_d219340